01361nam a2200325 a 4500001001000000003000500010005001700015008004100032010001100073011001100084040000900095090001000104100003600114245018900150260004100339500006000380502010800440590004100548590004000589590004000629650004400669650004100713650003800754856007000792901000700862942001000869942000600879999001900885952013100904000115403CHAP20220329144533.0190517s2018 mx a |sm |||||||spa d a111864 a112836 cCHAP aTesis1 aSolano Torres, Abraham.913565210aMetodología para la obtención de recursos financieros para el establecimiento de corrales ganaderos en el municipio de Cuautepec, Guerreroh[En línea]cpor Abraham Solano Torres. aChapingo, Méx. :bEl autor,c2018. aPara ver el contenido del material haga clic en la liga aTesis (Ing. Agr. en Economía Agrícola) -- UACH. División de Ciencias Económioco Administrativas aE11695DGDb10c20190520lUCH01h1132 aE6339RRRb05c20190517lUCH01h1516 aE6339RRRb05c20190517lUCH01h151714aCorralesxAnimales domésticos.92819614aCrédito ganaderoxGuerrero.92911214aProyectosxFinanciamiento.992526 aFinding aiduhttp://10.13.5.2/tesis/sist115403.pdfzTeclea aquí aBK cTESIS n0 c111864d111864 00104054718TESISaBCbBCd2019-05-17fTESISl0oTesisp115413-10r2019-12-31 00:00:00w2019-12-31yTESISzRecien adquirido